Herby miast województwa małopolskiego - Statystyki

Ogólne statystyki
  • Ten quiz został rozwiązany 42 razy
  • Średni wynik to 26 z 64
Statystyki odpowiedzi
Obrazkowy Odpowiedź % Poprawnych
Kraków
93%
Rabka-Zdrój
82%
Tarnów
79%
Zakopane
79%
Wieliczka
71%
Nowy Sącz
68%
Oświęcim
68%
Bochnia
64%
Wadowice
64%
Andrychów
61%
Proszowice
61%
Chełmek
57%
Chrzanów
57%
Ciężkowice
57%
Libiąż
57%
Limanowa
57%
Miechów
57%
Alwernia
54%
Brzeszcze
54%
Gorlice
54%
Olkusz
54%
Skawina
54%
Wolbrom
54%
Biecz
50%
Niepołomice
50%
Nowy Targ
50%
Maków Podhalański
46%
Dąbrowa Tarnowska
43%
Kalwaria Zebrzydowska
43%
Krynica-Zdrój
43%
Świątniki Górne
43%
Szczawnica
43%
Bukowno
39%
Myślenice
39%
Mszana Dolna
36%
Stary Sącz
36%
Sucha Beskidzka
36%
Czarny Dunajec
32%
Kęty
32%
Muszyna
32%
Trzebinia
32%
Grybów
29%
Dobczyce
25%
Jordanów
25%
Krzeszowice
25%
Piwniczna-Zdrój
25%
Ryglice
25%
Skała
25%
Wojnicz
25%
Brzesko
21%
Koszyce
21%
Nowe Brzesko
21%
Tuchów
21%
Zakliczyn
21%
Zator
21%
Nowy Wiśnicz
18%
Szczucin
18%
Żabno
18%
Bobowa
14%
Książ Wielki
14%
Radłów
14%
Sułkowice
14%
Czchów
11%
Słomniki
11%
Nie znaleziono quizów pasujących do podanych kryteriów
Rozkład punktacji
Procent ludzi z każdym wynikiem
Percentyl według liczby udzielonych odpowiedzi
Twoja historia wyników
Nie rozwiązałeś tego quizu